书目信息 |
| 题名: |
大学英语四级考试词汇用法词典
|
|
| 作者: | 王彦波 主编 | |
| 分册: | ||
| 出版信息: | 上海 上海外语教育出版社 2008.08 |
|
| 页数: | 875页 | |
| 开本: | 18cm | |
| 丛书名: | ||
| 单 册: | ||
| 中图分类: | H313 | |
| 科图分类: | ||
| 主题词: | 英语--词汇--高等学校--水平考试--自学参考资料 | |
| 电子资源: | ||
| ISBN: | 978-7-5446-0723-0 | |
| 000 | 01071nam0 2200265 450 | |
| 001 | 012009617217 | |
| 005 | 20100608112826.43 | |
| 010 | @a978-7-5446-0723-0@dCNY47.00 | |
| 100 | @a20100515d2008 em y0chiy0110 ea | |
| 101 | 0 | @aeng@achi |
| 102 | @aCN@b310000 | |
| 105 | @ay a 000yy | |
| 200 | 1 | @a大学英语四级考试词汇用法词典@d= A dictionary of CET-4 vocabulary usage@f王彦波主编@zeng |
| 205 | @a第3版 | |
| 210 | @a上海@c上海外语教育出版社@d2008.08 | |
| 215 | @a875页@d18cm | |
| 304 | @a根据最新《大学英语课程教学要求》编写 | |
| 320 | @a有书目 | |
| 330 | @a本书共收录《大学英语参考词汇表》一般要求规定的4795个单词(含中学已学词汇)和《大学英语词组表》中与之相关的词组,共1782个。词条多由词目、注音、词性、词义、例证和词组等构成。许多词条下设有“辨析”和“反义”栏目,常考词汇下有“考点”栏目指明考查重点,正文之后设八个附录。 | |
| 510 | 1 | @aDictionary of CET-4 vocabulary usage@zeng |
| 606 | 0 | @a英语@x词汇@x高等学校@x水平考试@x自学参考资料 |
| 690 | @aH313@v4 | |
| 701 | 0 | @a王彦波@Awang yan bo@4主编 |
| 801 | 0 | @aCN@c20100515 |
| 905 | @dH313@eW410-3=3@f3 | |
| 大学英语四级考试词汇用法词典= A dictionary of CET-4 vocabulary usage/王彦波主编.-第3版.-上海:上海外语教育出版社,2008.08 |
| 875页;18cm |
| ISBN 978-7-5446-0723-0:CNY47.00 |
| 本书共收录《大学英语参考词汇表》一般要求规定的4795个单词(含中学已学词汇)和《大学英语词组表》中与之相关的词组,共1782个。词条多由词目、注音、词性、词义、例证和词组等构成。许多词条下设有“辨析”和“反义”栏目,常考词汇下有“考点”栏目指明考查重点,正文之后设八个附录。 |
| ● |
| 相关链接 |
|
|
|
正题名:大学英语四级考试词汇用法词典
索取号:H313/W410-3=3
 
预约/预借
| 序号 | 登录号 | 条形码 | 馆藏地/架位号 | 状态 | 备注 |